[Event "Reykjavik Open 2015"]
[Site "Reykjavik ISL"]
[Date "2015.03.10"]
[Round "1.4"]
[White "Gyldenas, Ole Jorn"]
[Black "Grover, Sahaj"]
[Result "0-1"]
[BlackTitle "GM"]
[WhiteElo "1969"]
[BlackElo "2519"]
[WhiteFideId "1503847"]
[BlackFideId "5021103"]
[EventDate "2015.03.10"]

1. Nf3 Nf6 2. c4 c5 3. Nc3 Nc6 4. g3 e5 5. Bg2 Be7 6. O-O O-O 7. d3 d6 8. h3 h6
9. a3 Be6 10. e4 Qd7 11. Kh2 Nh7 12. g4 Bg5 13. Nd5 Bxc1 14. Qxc1 Rfc8 15. Qd2
Nf8 16. b4 Bxd5 17. cxd5 Nd4 18. Nxd4 cxd4 19. f4 exf4 20. Qxf4 Rc3 21. Qf2 Rxd3
22. Rfd1 Rxd1 23. Rxd1 Qa4 24. Rd3 Ng6 25. Qxd4 Qc2 26. Rd2 Qc1 27. Qb2 Rc8 28.
Qxc1 Rxc1 29. Ra2 Ne5 30. Kg3 Rc3+ 31. Kf2 Nd3+ 32. Kg1 Kf8 33. Bf1 Nf4 34. Kh2
Ke7 35. e5 dxe5 36. a4 Kd6 37. Bg2 Rc4 38. b5 e4 39. Kg3 g5 40. h4 Rc3+ 0-1

[Event "Reykjavik Open 2015"]
[Site "Reykjavik ISL"]
[Date "2015.03.10"]
[Round "1.5"]
[White "Danielsen, Henrik"]
[Black "Jonsson, Gauti Pall"]
[Result "1-0"]
[WhiteTitle "GM"]
[WhiteElo "2514"]
[BlackElo "1968"]
[WhiteFideId "1400185"]
[BlackFideId "2309092"]
[EventDate "2015.03.10"]

1. f4 d5 2. Nf3 Nf6 3. g3 g6 4. Bg2 Bg7 5. O-O O-O 6. d3 b6 7. c3 Bb7 8. a4 c5
9. Na3 Nbd7 10. e4 dxe4 11. Nd2 Qc8 12. dxe4 Rd8 13. Qe2 e5 14. Ndc4 Ba6 15. Nb5
Ne8 16. f5 Qc6 17. Ne3 Ndf6 18. Nd5 Nxd5 19. exd5 Qd7 20. g4 c4 21. fxg6 hxg6
22. Bg5 f6 23. Bh4 g5 24. Bg3 Bxb5 25. axb5 Nd6 26. Rf2 Qxb5 27. Raf1 Rf8 28. h4
Rae8 29. Be4 Qc5 30. Kh2 gxh4 31. Bxh4 Bh6 32. g5 fxg5 33. Qh5 Nxe4 34. Qg6+ Bg7
35. Rf7 Rxf7 36. Rxf7 Qf8 37. Rxf8+ Rxf8 38. Qxe4 gxh4 39. d6 Rf2+ 40. Kh3 Bf6
41. d7 Kf7 42. Qxc4+ Kg6 43. Qg8+ Kh6 44. Qf8+ Kg5 45. d8=Q Rf3+ 46. Kh2 1-0

[Event "Reykjavik Open 2015"]
[Site "Reykjavik ISL"]
[Date "2015.03.10"]
[Round "1.7"]
[White "Granda Zuniga, Julio E"]
[Black "Martinez Lopez, Jaime"]
[Result "1-0"]
[WhiteTitle "GM"]
[WhiteElo "2646"]
[BlackElo "2044"]
[WhiteFideId "3800024"]
[BlackFideId "2211254"]
[EventDate "2015.03.10"]

1. e4 c6 2. d4 d5 3. e5 Bf5 4. Be2 e6 5. g4 Be4 6. f3 Qh4+ 7. Kf1 Bg6 8. Be3 Nd7
9. Nd2 Qd8 10. Nh3 f6 11. exf6 Ngxf6 12. Nf4 Bf7 13. Nd3 Bd6 14. f4 Bg6 15. Kg2
Ne4 16. Nf3 O-O 17. h4 c5 18. h5 Be8 19. h6 g6 20. c3 Rc8 21. Rc1 a6 22. Nd2
Ndf6 23. dxc5 Nxc5 24. Nxc5 Bxc5 25. Bxc5 Rxc5 26. Nb3 Rc7 27. Qd4 Ne4 28. Rcf1
Qd6 29. Qe5 Qxe5 30. fxe5 Rff7 31. Nd4 Ng5 32. Rxf7 Rxf7 33. Bd3 Bd7 34. Kg3 Rf8
35. Rh2 Rf7 36. Rc2 Rf8 37. c4 Rc8 38. Kh4 Nf7 39. cxd5 Rxc2 40. Bxc2 Nxe5 41.
dxe6 Be8 42. Be4 b6 43. Kg5 Nc4 44. Kf6 1-0

[Event "Reykjavik Open 2015"]
[Site "Reykjavik ISL"]
[Date "2015.03.10"]
[Round "1.8"]
[White "Skovgaard, Tom"]
[Black "Jones, Gawain C B"]
[Result "0-1"]
[BlackTitle "GM"]
[WhiteElo "2042"]
[BlackElo "2642"]
[WhiteFideId "1406337"]
[BlackFideId "409561"]
[EventDate "2015.03.10"]

1. e4 c5 2. Nf3 d6 3. Bb5+ Bd7 4. Bxd7+ Nxd7 5. O-O Ngf6 6. Re1 Rc8 7. e5 dxe5
8. Nxe5 Nxe5 9. Rxe5 g6 10. Qe2 Bg7 11. Nc3 e6 12. Qb5+ Nd7 13. Re3 Bd4 14. Ne4
Bxe3 15. Nd6+ Kf8 16. Nxc8 Bxf2+ 17. Kxf2 Qxc8 18. d4 cxd4 19. Qb4+ Qc5 20. Qxb7
Ke7 21. Kf1 Rb8 22. Qe4 Qf5+ 23. Qxf5 gxf5 24. b3 Rc8 25. Bb2 e5 26. Rc1 Nc5 27.
c4 Nd3 28. Ba3+ Ke6 29. Rd1 e4 30. g3 Ke5 31. Rd2 f4 32. gxf4+ Nxf4 33. c5 e3
34. Rc2 d3 35. Bb2+ 0-1

[Event "Reykjavik Open 2015"]
[Site "Reykjavik ISL"]
[Date "2015.03.10"]
[Round "1.10"]
[White "Chan, James"]
[Black "Gupta, Abhijeet"]
[Result "0-1"]
[BlackTitle "GM"]
[WhiteElo "2038"]
[BlackElo "2625"]
[WhiteFideId "2605775"]
[BlackFideId "5010608"]
[EventDate "2015.03.10"]

1. e4 c5 2. Nf3 d6 3. d4 cxd4 4. Nxd4 Nf6 5. Nc3 Nc6 6. Bg5 e6 7. Qd2 a6 8.
O-O-O Bd7 9. f3 Be7 10. Kb1 O-O 11. Be3 Nxd4 12. Bxd4 Bc6 13. g4 Nd7 14. f4 e5
15. Be3 Nf6 16. Qg2 exf4 17. Bxf4 Qc8 18. Rg1 Re8 19. Bd3 Bf8 20. Rde1 g6 21.
Qg3 Qe6 22. Bd2 Bg7 23. h4 b5 24. h5 b4 25. Nd5 Nxd5 26. exd5 Qxd5 27. hxg6 hxg6
28. Qh4 Bb5 29. Qh3 Bxd3 30. Qxd3 Qxd3 31. cxd3 a5 32. Rxe8+ Rxe8 33. Re1 Rb8
34. Re7 Be5 35. Ra7 Rb5 36. Bc1 Kg7 37. Ra6 f5 38. gxf5 gxf5 39. d4 Bg3 40. Kc2
f4 41. Rxd6 f3 42. Rd7+ Kg6 43. Be3 f2 44. Bxf2 Bxf2 45. Kb3 Be1 46. Re7 Bd2 47.
Re2 Bf4 48. Kc4 Rb6 49. Kc5 Rb8 50. d5 Kf5 51. Re6 Rc8+ 52. Rc6 Rxc6+ 53. dxc6
Bc7 54. Kb5 Ke6 55. Ka4 Kd5 56. a3 Kc4 57. b3+ Kc3 0-1

[Event "Reykjavik Open 2015"]
[Site "Reykjavik ISL"]
[Date "2015.03.10"]
[Round "1.11"]
[White "Steingrimsson, Hedinn"]
[Black "Masungwini, Michael T"]
[Result "1-0"]
[WhiteTitle "GM"]
[WhiteElo "2530"]
[BlackElo "1972"]
[WhiteFideId "2300117"]
[BlackFideId "14308231"]
[EventDate "2015.03.10"]

1. c4 Nf6 2. Nc3 g6 3. g3 Bg7 4. Bg2 d6 5. e4 O-O 6. Nge2 Nc6 7. O-O e5 8. d3
Rb8 9. h3 Be6 10. Bg5 Qd7 11. Kh2 Ne8 12. Qd2 a6 13. Nd5 Kh8 14. b4 Nd8 15. a4
c6 16. Nb6 Qc7 17. a5 f5 18. exf5 Bxf5 19. Bh6 Rf7 20. Rad1 Nf6 21. d4 e4 22.
Nc3 Ne6 23. d5 Bxh6 24. Qxh6 Ng7 25. Qd2 c5 26. bxc5 Qxc5 27. Nca4 Qc7 28. Rc1
Re8 29. Rfe1 h5 30. c5 Kh7 31. Qf4 Rd8 32. cxd6 Qxd6 33. Qxd6 Rxd6 34. Nc5 Nge8
35. Rcd1 Kh6 36. Rd2 Re7 37. f3 e3 38. Rd4 Rd8 39. g4 Bc8 40. Nxc8 Rxc8 41. d6
Nxd6 42. Rxd6 Rxc5 43. Rxf6 Rxa5 44. f4 Kg7 45. g5 b5 46. Kg3 Ra2 47. Bf3 b4 48.
Be2 a5 49. Bd3 b3 50. Rxg6+ Kf7 51. f5 a4 52. Bc4+ Ke8 53. f6 h4+ 54. Kxh4 Re4+
55. Kg3 Rxc4 56. Rxe3+ Kf8 57. Rh6 Rc1 58. Rh8+ Kf7 59. Re7+ Kg6 60. Rg8+ Kf5
61. f7 1-0

[Event "Reykjavik Open 2015"]
[Site "Reykjavik ISL"]
[Date "2015.03.10"]
[Round "1.13"]
[White "Lunn, Matthew"]
[Black "Grandelius, Nils"]
[Result "0-1"]
[BlackTitle "GM"]
[WhiteElo "2034"]
[BlackElo "2603"]
[WhiteFideId "405485"]
[BlackFideId "1710400"]
[EventDate "2015.03.10"]

1. d4 Nf6 2. c4 e6 3. Nc3 Bb4 4. Qc2 b6 5. e4 c5 6. dxc5 Bb7 7. Bd3 Na6 8. cxb6
Nc5 9. f3 d5 10. cxd5 O-O 11. Ne2 exd5 12. O-O d4 13. Nb5 Qxb6 14. a3 Nxd3 15.
Qxd3 Ba6 16. a4 Nd7 17. Kh1 Ne5 18. Qxd4 Bxb5 19. axb5 Qxb5 20. Bf4 Nd3 21. Qd5
Qxd5 22. exd5 Rfe8 23. Rad1 0-1

[Event "Reykjavik Open 2015"]
[Site "Reykjavik ISL"]
[Date "2015.03.10"]
[Round "1.23"]
[White "Valtysson, Thor"]
[Black "Brunello, Sabino"]
[Result "0-1"]
[BlackTitle "GM"]
[WhiteElo "1974"]
[BlackElo "2540"]
[WhiteFideId "2301903"]
[BlackFideId "813613"]
[EventDate "2015.03.10"]

1. d4 Nf6 2. Nf3 g6 3. Bf4 b6 4. e3 Bb7 5. Be2 Bg7 6. O-O O-O 7. Nbd2 d6 8. h3
Nbd7 9. c3 Qe8 10. Bh2 e5 11. dxe5 dxe5 12. Qc2 Qe7 13. Rad1 Rfd8 14. Bc4 Ne8
15. a4 e4 16. Nd4 c5 17. Nb5 Ne5 18. Bxe5 Bxe5 19. Rfe1 a6 20. Na3 Nf6 21. Nf1
Rdb8 22. Qe2 Qe8 23. Ra1 Qc8 24. Bb3 Bc6 25. Nc4 Bc7 26. Red1 Qf8 27. Qc2 b5 28.
axb5 axb5 29. Ncd2 c4 30. Ba2 Qc5 31. b3 Bd5 32. bxc4 bxc4 33. Rab1 Rxb1 34.
Rxb1 Nd7 35. Rb4 Ne5 36. Ra4 Rb8 37. Nxe4 Qc6 38. f3 Nd3 39. Ra3 Bxe4 40. fxe4
Qxe4 41. Qe2 Rb2 42. Qg4 Qc6 43. Qf3 Qc5 44. Ra8+ Kg7 45. Qe4 Ne5 46. Ra4 f5 47.
Qd4 Qc6 48. Nd2 Qxa4 49. Nxc4 Qxa2 0-1

[Event "Reykjavik Open 2015"]
[Site "Reykjavik ISL"]
[Date "2015.03.10"]
[Round "1.24"]
[White "Gao, Rui"]
[Black "Stuhr, Peter Sebastian"]
[Result "1-0"]
[WhiteTitle "GM"]
[WhiteElo "2533"]
[BlackElo "1973"]
[WhiteFideId "8602387"]
[BlackFideId "1426729"]
[EventDate "2015.03.10"]

1. e4 d6 2. d4 Nf6 3. Nc3 e5 4. Nf3 Nbd7 5. Bc4 Be7 6. O-O O-O 7. Re1 c6 8. a4
b6 9. Bg5 Bb7 10. Bxf6 Bxf6 11. d5 c5 12. a5 bxa5 13. Nd2 Nb6 14. Bb5 a6 15. Bf1
Qc7 16. Nb3 c4 17. Nxa5 Bd8 18. g3 f5 19. exf5 Rxf5 20. Bh3 Rf6 21. Nxb7 Qxb7
22. Ne4 Rh6 23. Be6+ Rxe6 24. dxe6 d5 25. Nc5 Qc6 26. Qh5 Bf6 27. Qf7+ Kh8 28.
Rxa6 Rc8 29. Nd7 1-0

[Event "Reykjavik Open 2015"]
[Site "Reykjavik ISL"]
[Date "2015.03.10"]
[Round "1.25"]
[White "Stam, Bart"]
[Black "Rasmussen, Allan Stig"]
[Result "0-1"]
[BlackTitle "GM"]
[WhiteElo "1972"]
[BlackElo "2532"]
[WhiteFideId "1006240"]
[BlackFideId "1406000"]
[EventDate "2015.03.10"]

1. e4 c6 2. d4 d5 3. exd5 cxd5 4. Bd3 Nc6 5. c3 Qc7 6. h3 e6 7. Nf3 Bd6 8. O-O
Nge7 9. b3 Bd7 10. Bb2 f6 11. Re1 a6 12. c4 O-O 13. Nc3 Rad8 14. Rc1 Bf4 15. Rb1
Bc8 16. Ne2 Bh6 17. Bc1 Bxc1 18. Rxc1 Kh8 19. Bb1 dxc4 20. bxc4 e5 21. d5 Na5
22. Qa4 Nf5 23. c5 b5 24. Qe4 g6 25. Red1 Nc4 26. c6 Qf7 27. Nc3 Ne7 28. Qe2
Nxd5 29. Nxd5 Rxd5 30. a4 Rc5 31. axb5 axb5 32. Be4 f5 33. Bd3 Re8 34. Bxc4 bxc4
35. Rd6 Qc7 36. Rcd1 c3 37. Qe3 Rxc6 38. Nxe5 Rxd6 39. Rxd6 Qxd6 40. Nf7+ Kg7
41. Qxe8 Bd7 42. Nxd6 Bxe8 43. Nxe8+ Kh8 0-1

[Event "Reykjavik Open 2015"]
[Site "Reykjavik ISL"]
[Date "2015.03.10"]
[Round "1.28"]
[White "Mehringer, Joerg"]
[Black "Libiszewski, Fabien"]
[Result "0-1"]
[BlackTitle "GM"]
[WhiteElo "1955"]
[BlackElo "2514"]
[WhiteFideId "12915351"]
[BlackFideId "616834"]
[EventDate "2015.03.10"]

1. e4 d6 2. d4 g6 3. g3 Nf6 4. Bg2 Bg7 5. Ne2 O-O 6. O-O e5 7. dxe5 dxe5 8. Nbc3
Nbd7 9. h3 b6 10. Be3 Bb7 11. Qd2 Nc5 12. Qxd8 Rfxd8 13. Bxc5 bxc5 14. Rfd1 Rab8
15. Kf1 Ba6 16. Rxd8+ Rxd8 17. Ke1 Bf8 18. Na4 Bb5 19. Nec3 Bc6 20. b3 c4 21. f3
Bb4 22. a3 Bxc3+ 23. Nxc3 cxb3 24. cxb3 Nh5 25. g4 Nf4 26. Bf1 h5 27. Rd1 Rxd1+
28. Kxd1 h4 29. Kd2 Ne6 30. Ke3 Kf8 31. Bc4 Nf4 32. Bf1 Ke7 33. Na2 Kd6 34. Nb4
f6 35. Na6 Bb7 36. Nb4 Bc8 37. Nc2 Be6 38. b4 Bb3 39. Ne1 Ne6 40. Kd2 Ba4 41.
Ng2 g5 42. Ne3 Nf4 43. Nf5+ Kd7 44. Ng7 Ke7 45. Nf5+ Ke6 46. b5 Bb3 47. Ne3 Kd6
48. Kc3 Ba2 49. Kb4 Ne6 50. Ka5 Nd4 51. Bg2 Kc5 52. a4 Bb3 53. Nd5 Bxd5 54. exd5
Kxd5 55. Ka6 c5 56. bxc6 Nxc6 57. Kb7 Kc5 58. f4 Na5+ 59. Ka6 Nc4 60. fxg5 fxg5
61. Kxa7 Kd4 62. Ka6 e4 63. Kb5 e3 64. Bf1 Nd2 65. Be2 Ne4 66. a5 Nc3+ 67. Kb4
Nxe2 68. a6 Nf4 69. a7 e2 70. a8=Q e1=Q+ 0-1

[Event "Reykjavik Open 2015"]
[Site "Reykjavik ISL"]
[Date "2015.03.10"]
[Round "1.29"]
[White "Tari, Aryan"]
[Black "Petersson, Baldur Teodor"]
[Result "1-0"]
[WhiteTitle "IM"]
[WhiteElo "2509"]
[BlackElo "1951"]
[WhiteFideId "1510045"]
[BlackFideId "2309157"]
[EventDate "2015.03.10"]

1. e4 c5 2. Nf3 e6 3. d4 cxd4 4. Nxd4 a6 5. Nc3 Qc7 6. g3 Nf6 7. Bg2 d6 8. O-O
Be7 9. Re1 Bd7 10. Be3 O-O 11. f4 Nc6 12. Qf3 Rac8 13. Nb3 b5 14. a3 Rfd8 15. g4
Na5 16. Nxa5 Qxa5 17. g5 Ne8 18. Qf2 Rb8 19. f5 b4 20. axb4 Qxb4 21. fxe6 Bxe6
22. Nd5 Bxd5 23. exd5 Rd7 24. b3 Qg4 25. Ra4 Rb4 26. h3 1-0

[Event "Reykjavik Open 2015"]
[Site "Reykjavik ISL"]
[Date "2015.03.10"]
[Round "1.30"]
[White "Babijczuk, Pawel"]
[Black "Pakleza, Zbigniew"]
[Result "0-1"]
[BlackTitle "GM"]
[WhiteElo "1950"]
[BlackElo "2498"]
[WhiteFideId "1129120"]
[BlackFideId "1119290"]
[EventDate "2015.03.10"]

1. d3 d5 2. e4 Nf6 3. Nd2 c5 4. Be2 Nc6 5. c3 e6 6. Ngf3 Be7 7. O-O O-O 8. Re1
b5 9. b3 Qb6 10. Qc2 Bb7 11. Nf1 b4 12. exd5 Nxd5 13. c4 Nc3 14. Ng3 Bf6 15. Bb2
Rfd8 16. Bf1 Rd7 17. Ne2 Nd4 18. Nfxd4 cxd4 19. Nxc3 dxc3 20. Bc1 a5 21. Be3 Bd4
22. Bxd4 Rxd4 23. a4 f6 24. Re3 e5 25. Qe2 Rad8 26. Re1 Bc8 27. h3 Bf5 28. Qf3
Bg6 29. Be2 Rf4 30. Qg3 Qd4 31. Bf3 c2 32. Bd5+ Rxd5 33. cxd5 Qb2 34. d6 c1=Q
35. d7 Rd4 36. Qg4 Qc6 37. Qxd4 Qxd4 0-1

[Event "Reykjavik Open 2015"]
[Site "Reykjavik ISL"]
[Date "2015.03.10"]
[Round "1.31"]
[White "Idani, Pouya"]
[Black "Haraldsson, Haraldur"]
[Result "1-0"]
[WhiteTitle "GM"]
[WhiteElo "2496"]
[BlackElo "1948"]
[WhiteFideId "12510130"]
[BlackFideId "2311100"]
[EventDate "2015.03.10"]

1. e4 c5 2. Nf3 e6 3. d4 cxd4 4. Nxd4 a6 5. Bd3 Nc6 6. Nxc6 dxc6 7. O-O e5 8.
Nd2 Nf6 9. Nc4 Ng4 10. h3 b5 11. hxg4 bxc4 12. Bxc4 Qxd1 13. Rxd1 Bxg4 14. f3
Bc5+ 15. Kf1 Be6 16. Bxe6 fxe6 17. Bg5 Be7 18. Be3 Rb8 19. b3 h5 20. Rd3 Rd8 21.
Rc3 Rc8 22. Rd1 h4 23. Kg1 g5 24. Kh2 c5 25. Kh3 Rc7 26. Rcd3 Rg8 27. c4 a5 28.
Bd2 Ra7 29. Bc3 a4 30. Bxe5 axb3 31. axb3 Ra2 32. R1d2 Ra3 33. Kg4 Ra7 34. Bd6
Rb7 35. e5 Rf8 36. Bxe7 Kxe7 37. Kxg5 Rf5+ 38. Kxh4 Rxe5 39. g4 Re1 40. Kg5 Rb1
41. Rh2 R7xb3 42. Rh7+ Ke8 43. Rxb3 Rxb3 44. Kf6 Rxf3+ 45. Kxe6 Kf8 46. Rh5 Rg3
47. Rf5+ Kg7 48. g5 1-0

[Event "Reykjavik Open 2015"]
[Site "Reykjavik ISL"]
[Date "2015.03.10"]
[Round "1.32"]
[White "Baldvinsson, Loftur"]
[Black "Kjartansson, Gudmundur"]
[Result "0-1"]
[BlackTitle "IM"]
[WhiteElo "1945"]
[BlackElo "2491"]
[WhiteFideId "2301261"]
[BlackFideId "2301318"]
[EventDate "2015.03.10"]

1. e4 c6 2. Nc3 d5 3. Nf3 Bg4 4. h3 Bxf3 5. Qxf3 Nf6 6. exd5 cxd5 7. Bb5+ Nc6 8.
d4 e6 9. O-O Bd6 10. Re1 O-O 11. Ne2 Qa5 12. Bf4 Bxf4 13. Bxc6 Bd2 14. b4 Qa6
15. Red1 Bh6 16. b5 Qb6 17. g4 bxc6 18. h4 Nxg4 19. Qxg4 cxb5 20. Rd3 Rac8 21.
c3 b4 22. cxb4 Qxb4 23. Kh1 Qb2 24. Rg1 Rc2 25. Qh5 Kh8 26. Rb3 Qxa2 27. Qxf7
Rcc8 28. Rc3 Qxe2 29. Rc7 Qe4+ 30. Rg2 Qxh4+ 31. Kg1 Qd8 32. Rxc8 Qxc8 33. Qxa7
Qc1+ 34. Kh2 Bf4+ 35. Kh3 Qh1+ 0-1

[Event "Reykjavik Open 2015"]
[Site "Reykjavik ISL"]
[Date "2015.03.10"]
[Round "1.33"]
[White "Rombaldoni, Axel"]
[Black "Korning, Peter"]
[Result "1-0"]
[WhiteTitle "GM"]
[WhiteElo "2488"]
[BlackElo "1944"]
[WhiteFideId "815837"]
[BlackFideId "1723332"]
[EventDate "2015.03.10"]

1. Nf3 d5 2. d4 c5 3. dxc5 e6 4. e4 Bxc5 5. exd5 exd5 6. Nbd2 Qb6 7. Qe2+ Ne7 8.
Nb3 Bd6 9. Be3 Qc7 10. Nfd4 a6 11. Qh5 Nbc6 12. Be2 Bd7 13. O-O O-O 14. Rad1
Rad8 15. c3 Bc8 16. Bc1 Rfe8 17. Bd3 g6 18. Qh4 Ne5 19. Bb1 N7c6 20. Bg5 Be7 21.
Rde1 Bxg5 22. Qxg5 Ng4 23. Qh4 Kg7 24. f3 Ne3 25. Nxc6 bxc6 26. Qd4+ Qe5 27.
Qxe5+ Rxe5 28. Rf2 Nc4 29. Rxe5 Nxe5 30. Re2 Kf6 31. Na5 Rd6 32. b4 Bf5 33. Bxf5
Kxf5 34. Nb3 Nc4 35. Re7 f6 36. Kf2 Nb2 37. Nd4+ Kg5 38. Rxh7 f5 39. f4+ Kxf4
40. Nf3 Nd1+ 41. Ke2 Nxc3+ 42. Kd3 g5 43. Kxc3 Ke3 44. Nd4 Rf6 45. Rh5 1-0

[Event "Reykjavik Open 2015"]
[Site "Reykjavik ISL"]
[Date "2015.03.10"]
[Round "1.34"]
[White "Klausen, Kris"]
[Black "Colovic, Aleksandar"]
[Result "0-1"]
[BlackTitle "GM"]
[WhiteElo "1937"]
[BlackElo "2482"]
[WhiteFideId "1445570"]
[BlackFideId "15000729"]
[EventDate "2015.03.10"]

1. d4 Nf6 2. c4 e6 3. g3 c5 4. Nf3 cxd4 5. Nxd4 Qc7 6. b3 Bb4+ 7. Bd2 Bc5 8. e3
e5 9. Nf3 Nc6 10. a3 e4 11. b4 Be7 12. Nd4 Ne5 13. Qb3 a5 14. Ra2 b6 15. Rc2 Bb7
16. Nc3 Nd3+ 17. Ke2 Qe5 18. Be1 axb4 19. axb4 Ra1 20. Bg2 Bxb4 21. f3 Bc5 22.
Nxe4 Bxe4 23. fxe4 Nc1+ 24. Rxc1 Rxc1 25. Qb2 Rxc4 26. Qa2 Bxd4 27. Qxc4 Bc5 28.
Bc3 Qg5 29. Bd4 O-O 30. e5 Ng4 31. h4 Qh5 32. Bf3 Nxe5 33. Bxh5 Nxc4 34. Bxc5
bxc5 35. Rc1 Nd6 36. Rxc5 Ne4 37. Re5 Nxg3+ 38. Kf3 Nxh5 39. Rxh5 f5 40. Rg5 g6
41. e4 Kg7 42. e5 Re8 43. Kf4 d6 44. exd6 Re4+ 45. Kf3 Rxh4 0-1

[Event "Reykjavik Open 2015"]
[Site "Reykjavik ISL"]
[Date "2015.03.10"]
[Round "1.35"]
[White "Kristjansson, Stefan"]
[Black "Fivelstad, Jon Olav"]
[Result "1-0"]
[WhiteTitle "GM"]
[WhiteElo "2482"]
[BlackElo "1929"]
[WhiteFideId "2301172"]
[BlackFideId "1510339"]
[EventDate "2015.03.10"]

1. e4 e5 2. Nf3 Nc6 3. Bc4 Nf6 4. d3 Be7 5. O-O O-O 6. Re1 d6 7. c3 Na5 8. Bb5
a6 9. Ba4 b5 10. Bc2 c5 11. d4 cxd4 12. cxd4 Bg4 13. dxe5 dxe5 14. Qxd8 Rfxd8
15. Nxe5 Rac8 16. Nc3 b4 17. Nd5 Rxc2 18. Nxe7+ Kf8 19. Nd5 Nxd5 20. Nxg4 h5 21.
Ne5 Ne7 22. Be3 Rdc8 23. b3 Nb7 24. Nc4 Nc6 25. Rec1 Rc3 26. Nb6 Re8 27. Nd5
Rxc1+ 28. Rxc1 Nbd8 29. f3 f5 30. exf5 Re5 31. Rd1 a5 32. g4 Nb7 33. Kf2 Ne7 34.
Nf4 hxg4 35. fxg4 Nc6 36. Ng6+ 1-0

[Event "Reykjavik Open 2015"]
[Site "Reykjavik ISL"]
[Date "2015.03.10"]
[Round "1.36"]
[White "Undheim, Bjarne"]
[Black "Georgiadis, Nico"]
[Result "0-1"]
[BlackTitle "IM"]
[WhiteElo "1926"]
[BlackElo "2468"]
[WhiteFideId "1506862"]
[BlackFideId "1300113"]
[EventDate "2015.03.10"]

1. e4 c5 2. Nf3 g6 3. c3 d5 4. exd5 Qxd5 5. Be2 Bg7 6. O-O Nf6 7. c4 Qd8 8. d4
cxd4 9. Nxd4 O-O 10. Be3 Bd7 11. Nc3 Nc6 12. Qd2 Nxd4 13. Bxd4 Bc6 14. Rad1 Qc7
15. Qe3 b6 16. f3 Rfe8 17. Be5 Ng4 18. fxg4 Qxe5 19. Qf2 Rf8 20. Rfe1 Qc7 21.
Bf3 e6 22. Nb5 Bxb5 23. Bxa8 Qxc4 24. Qf3 Bxb2 25. a3 Bxa3 26. Qxa3 Rxa8 27. Qf3
Bc6 28. Qg3 Bd5 29. h4 Rc8 30. h5 Qc3 31. Qh4 Qb2 32. Qg3 gxh5 33. gxh5+ Kh8 34.
Re5 h6 35. Rexd5 exd5 36. Rxd5 Qf6 37. Rd2 Qg5 38. Qd3 Rc1+ 39. Rd1 Rxd1+ 40.
Qxd1 Kg8 41. Qf3 a5 0-1

[Event "Reykjavik Open 2015"]
[Site "Reykjavik ISL"]
[Date "2015.03.10"]
[Round "1.37"]
[White "Bekker-Jensen, Simon"]
[Black "Stefansson, Vignir Vatnar"]
[Result "1-0"]
[WhiteTitle "IM"]
[WhiteElo "2462"]
[BlackElo "1909"]
[WhiteFideId "1403613"]
[BlackFideId "2308649"]
[EventDate "2015.03.10"]

1. d4 Nf6 2. c4 e6 3. Nc3 Bb4 4. e3 b6 5. Ne2 Bb7 6. a3 Be7 7. d5 a5 8. g3 Na6
9. Rb1 exd5 10. Bg2 Nc5 11. cxd5 Ba6 12. O-O Bd3 13. b4 axb4 14. axb4 Bxe2 15.
Qxe2 Na4 16. Nb5 Bd6 17. Qc2 Ra6 18. Ra1 Qa8 19. Nxc7+ Bxc7 20. d6 Qc8 1-0

[Event "Reykjavik Open 2015"]
[Site "Reykjavik ISL"]
[Date "2015.03.10"]
[Round "1.38"]
[White "Densing, Gerd"]
[Black "Galego, Luis"]
[Result "0-1"]
[BlackTitle "GM"]
[WhiteElo "1903"]
[BlackElo "2461"]
[WhiteFideId "24621013"]
[BlackFideId "1900072"]
[EventDate "2015.03.10"]

1. d4 Nf6 2. Nf3 d6 3. Nc3 Bg4 4. e4 c6 5. Be3 Qa5 6. Bd3 e5 7. Qd2 Nbd7 8.
O-O-O b5 9. Kb1 Be7 10. Nd5 Qxd2 11. Nxf6+ Bxf6 12. Rxd2 Bxf3 13. gxf3 exd4 14.
Bf4 Be5 15. Bg3 h5 16. h4 O-O-O 17. f4 Bf6 18. f3 a6 19. a4 Kc7 20. axb5 axb5
21. b3 Ra8 22. Kb2 Ra7 23. Rdd1 Rha8 24. Ra1 Rxa1 25. Rxa1 Rxa1 26. Kxa1 Nf8 27.
e5 Be7 28. Bf5 Ne6 29. Bxe6 fxe6 30. Kb1 c5 31. Kc1 Kc6 32. Kd2 Kd5 33. Kd3 c4+
34. bxc4+ bxc4+ 35. Kd2 dxe5 36. fxe5 Bd8 37. Ke2 Bc7 38. f4 Ke4 0-1

[Event "Reykjavik Open 2015"]
[Site "Reykjavik ISL"]
[Date "2015.03.10"]
[Round "1.39"]
[White "Akesson, Ralf"]
[Black "Andersen, Niels Erik"]
[Result "1-0"]
[WhiteTitle "GM"]
[WhiteElo "2456"]
[BlackElo "1900"]
[WhiteFideId "1700120"]
[BlackFideId "1406507"]
[EventDate "2015.03.10"]

1. Nf3 Nf6 2. c4 c5 3. Nc3 Nc6 4. d4 cxd4 5. Nxd4 g6 6. e4 d6 7. Be2 Bg7 8. Be3
Bd7 9. O-O O-O 10. Qd2 a6 11. f3 Rc8 12. Rac1 Re8 13. Rfd1 Nxd4 14. Bxd4 Be6 15.
b3 Qa5 16. Rc2 Kf8 17. h3 Kg8 18. Kh1 Nh5 19. Bxg7 Nxg7 20. f4 Bd7 21. Nd5 Qxd2
22. Rcxd2 Bc6 23. Bg4 Rb8 24. Re1 h5 25. Bd1 Kf8 26. b4 Rec8 27. Nb6 Rd8 28. Rf2
e6 29. Bb3 Ne8 30. f5 Kg7 31. fxe6 fxe6 32. e5 dxe5 33. Rxe5 Nc7 34. Re3 Rf8 35.
Kg1 Rxf2 36. Kxf2 Rd8 37. Re2 Kf6 38. a4 Rd4 39. Bc2 e5 40. Ke1 Ne6 41. b5 axb5
42. axb5 Bd7 43. Nd5+ Kg7 44. Nb6 Kf6 45. Rf2+ Kg7 46. Rd2 Nc5 47. Re2 Kf6 48.
Nd5+ Kg7 49. Rxe5 Rxc4 50. Kd2 Bxb5 51. Ne3 Rxc2+ 52. Kxc2 b6 53. Nd5 Bf1 54.
Nxb6 Nd3 55. Re7+ Kh6 56. h4 Nb4+ 57. Kc3 Nc6 58. Re6 Bxg2 59. Kd3 Nd8 60. Rf6
Kg7 61. Rf2 Bc6 62. Kd4 Nf7 63. Rc2 Bf3 64. Ke3 Bg4 65. Kf4 Bf5 66. Rc6 Bd3 67.
Nd5 Bb1 68. Ne7 Bd3 69. Ke3 Bb1 70. Rb6 Bc2 71. Rb2 Ba4 72. Rg2 Ne5 73. Kf4 Kf6
74. Ng8+ Ke6 75. Re2 Kf7 76. Nh6+ Kg7 77. Nf5+ gxf5 78. Rxe5 Bd1 79. Rxf5 Bg4
80. Ra5 1-0

[Event "Reykjavik Open 2015"]
[Site "Reykjavik ISL"]
[Date "2015.03.10"]
[Round "1.40"]
[White "Jonsson, Olafur Gisli"]
[Black "Hamitevici, Vladimir"]
[Result "1/2-1/2"]
[BlackTitle "IM"]
[WhiteElo "1899"]
[BlackElo "2450"]
[WhiteFideId "2302705"]
[BlackFideId "13902393"]
[EventDate "2015.03.10"]

1. e4 g6 2. d4 Bg7 3. Nc3 d6 4. Be3 a6 5. Qd2 b5 6. f3 Nd7 7. O-O-O Bb7 8. h4
Ngf6 9. Bh6 Bxh6 10. Qxh6 e5 11. Qd2 Qe7 12. Kb1 Nb6 13. d5 O-O-O 14. Rc1 c6 15.
dxc6 Bxc6 16. a4 bxa4 17. Bxa6+ Kb8 18. Nb5 d5 19. Na3 dxe4 20. Qa5 Qc7 21. c4
Nc8 22. Qb4+ Qb6 23. Bb5 Bxb5 24. Nxb5 Nd6 25. Qxa4 Nxb5 26. cxb5 Rc8 27. Ne2
exf3 28. gxf3 Rhd8 29. Rhd1 Rxc1+ 30. Rxc1 Qb7 31. Rc6 Nd5 32. Qa5 Rc8 33. Rd6
Rc5 34. Rd8+ Rc8 35. Rd6 Rc5 36. Rd8+ 1/2-1/2